• 首页
  • 本馆介绍
  • 公告通知
  • 最新文献
  • 馆藏检索
  • 电子资源
  • 读者导购
  • 参考咨询
  • 我的图书馆
  • 登录
  • 详细信息显示
  • 放入我的书架
  • 预约/预借图书
  • 作者相关作品
  • 分类相关作品
  • 丛书相关作品
  • 出版社相关作品

书目信息

  • 表格格式
  • 工作单格式
  • 卡片格式
题名:
煤化工基础
    
 
作者: 李玉林 , 胡瑞生 , 白雅琴 编
分册:  
出版信息: 北京   化学工业出版社  2006
页数: 234页
开本: 24cm
丛书名:
单 册:
中图分类: TQ53
科图分类:
主题词: 煤化工--高等学校--教材 , 煤化工
电子资源:
ISBN: 7-5025-9137-0
000 00964nam0 2200277 450
001 012007153049
005 20070522171230.92
010    @a7-5025-9137-0@dCNY26.00
100    @a20061115d2006 km y0chiy0120 ea
101 0  @achi
102    @aCN@b110000
105    @aa z 000yy
106    @ar
200 1  @a煤化工基础@Amei hua gong ji chu@f李玉林,胡瑞生,白雅琴编@Fli yu lin,hu rui sheng,bai ya qin bian
210    @a北京@c化学工业出版社@d2006
215    @a234页@c图@d24cm
300    @a高等学校教材
330    @a本书论述了与煤化工相关的基本理论、原理、生产工艺、国内外发展现状、市场前景。本书可作为化学工程与工艺、能源化工、煤化工、炼焦化工、应用化工技术、应用化学等专业的教材或参考书。
606 0  @a煤化工@x高等学校@j教材
606 0  @a煤化工
690    @aTQ53@v4
701  0 @a李玉林@Ali yu lin@c(煤化工)@4编
701  0 @a胡瑞生@Ahu rui sheng@4编
701  0 @a白雅琴@Abai ya qin@c(煤化工)@4编
801  0 @aCN@bRULIN@c20070522
905    @dTQ53@e16@s8
    
    煤化工基础/李玉林,胡瑞生,白雅琴编.-北京:化学工业出版社,2006
    234页:图;24cm
    高等学校教材
    
    ISBN 7-5025-9137-0:CNY26.00
    本书论述了与煤化工相关的基本理论、原理、生产工艺、国内外发展现状、市场前景。本书可作为化学工程与工艺、能源化工、煤化工、炼焦化工、应用化工技术、应用化学等专业的教材或参考书。
●
相关链接 在E读中查询图书 在五车中查询图书 在当当中查询图书 在豆瓣中查询图书


正题名:煤化工基础     索取号:TQ53/16         预约/预借

序号 登录号 条形码 馆藏地/架位号 状态 备注
1 0574061   205740616   第二样本阅览室/ [索取号:TQ53/16] 在馆    
2 0574062   205740625   第三借阅区/ [索取号:TQ53/16] 在馆    
3 0574063   205740634   第三借阅区/ [索取号:TQ53/16] 在馆    
4 0574064   205740643   第三借阅区/ [索取号:TQ53/16] 在馆    
5 0574065   205740652   第三借阅区/ [索取号:TQ53/16] 在馆    
6 0574066   205740661   第三借阅区/ [索取号:TQ53/16] 在馆    
7 0574067   205740670   第三借阅区/ [索取号:TQ53/16] 在馆    
8 0574068   205740689   第三借阅区/ [索取号:TQ53/16] 在馆    
唐山师范学院图书馆 欢迎您!
大连网信软件有限公司© 版权所有